000 00359nam a2200169Ia 4500
003 IT-RoPAU
008 120407s9999 xx 000 0 und d
040 _aIT-RoPAU
040 _cIT-RoPAU
100 _aLuigi Della Torre
245 _aCelebrare Santa Maria
250 _aBrescia
260 _aQueriniana
300 _c cm
490 _v1
942 _cBK
999 _c9945
_d9945